000 00457nam a22001697a 4500
005 20260303101730.0
008 260303b |||||||| |||| 00| 0 eng d
020 _a9789914552409
050 _aQ161.M86 2025
100 _a112272
245 _aKLB EXCELLING GENERAL SCIENCE
260 _aNAIROBI,KENYA
_bKENYA LITERATURE BUREAU KLB
_c2025
300 _aV1,257P.
650 _aSCIENCE TEXTBOOK
700 _aKONGA GIVANS,WAMBUA KELLY
942 _2lcc
_cBK
999 _c216742
_d216742